Dokonalá kořist /
Případ z krimisérie o skotských vyšetřovatelích Callanachovi a Turnerové. Sériový vrah s nimi hraje hrůznou hru...
Uloženo v:
| Série: | Inspektor Luc Callanach,
část 2 |
|---|---|
| Hlavní autor: | |
| Další autoři: | |
| Médium: | E-kniha |
| Jazyk: | Czech |
| Vydáno: |
V Praze :
Plus,
2018
|
| Vydání: | Vydání první |
| Edice: | Detektivka (Plus)
|
| Témata: | |
| Příbuzné jednotky: | Z cyklu::
Inspektor Luc Callanach |
| Tagy: |
Žádné tagy |
| LEADER | 02587cam a2200505 i 4500 | ||
|---|---|---|---|
| 001 | 310954 | ||
| 003 | CZ PrSKC | ||
| 005 | 20260601215657.0 | ||
| 007 | ta | ||
| 008 | 181018s2018 xr g 000 f cze d | ||
| 015 | |a cnb003045922 | ||
| 020 | |a 9788025909737 |q (vázáno) | ||
| 035 | |a (OCoLC)1078648490 | ||
| 040 | |a ABG001 |b cze |d OLA001 |e rda | ||
| 041 | 1 | |a cze |h eng | |
| 072 | 7 | |a 821.111-3 |x Anglická próza, anglicky psaná |2 Konspekt | |
| 080 | |a 821.111-31 |2 MRF | ||
| 080 | |a (0:82-312.4) |2 MRF | ||
| 100 | 1 | |a Fields, Helen, |d 1969- |7 xx0224480 |4 aut | |
| 240 | 1 | 0 | |a Perfect prey. |l Česky |
| 245 | 1 | 0 | |a Dokonalá kořist / |c Helen Fieldsová ; přeložila Nela Knapová |
| 250 | |a Vydání první | ||
| 264 | 1 | |a V Praze : |b Plus, |c 2018 | |
| 300 | |a 412 stran ; |c 21 cm | ||
| 336 | |a text |b txt |2 rdacontent | ||
| 337 | |a bez média |b n |2 rdamedia | ||
| 338 | |a svazek |b nc |2 rdacarrier | ||
| 490 | 1 | |a Detektivka | |
| 500 | |a Přeloženo z angličtiny | ||
| 520 | 2 | |a Případ z krimisérie o skotských vyšetřovatelích Callanachovi a Turnerové. Sériový vrah s nimi hraje hrůznou hru... |b Edinburgh se stává evropskou metropolí hrůzy. Uprostřed hudebního festivalu rozetne ostrá čepel břicho charitativnímu pracovníkovi. V mnohatisícovém davu si vraha nikdo nevšimne. Nedlouho poté je na dně popelnice nalezena učitelka z mateřské školky, uškrcená vlastní šálou. Policie nezná motiv a nemá ani žádné stopy - dokud se po městě nezačnou objevovat podezřelá graffiti. Vrah jimi totiž oznamuje svou další kořist... a čím je nevinnější, tím lépe. Nakladatelská anotace. | |
| 655 | 7 | |a anglické romány |7 fd131814 |2 czenas | |
| 655 | 7 | |a detektivní romány |7 fd132010 |2 czenas | |
| 655 | 7 | |a thrillery (romány) |7 fd184206 |2 czenas | |
| 655 | 9 | |a English fiction |2 eczenas | |
| 655 | 9 | |a detective novels |2 eczenas | |
| 655 | 9 | |a thrillers (novels) |2 eczenas | |
| 700 | 1 | |a Knapová, Nela |7 ola2015884249 |4 trl | |
| 787 | 0 | 8 | |i Z cyklu: |t Inspektor Luc Callanach |g 2 |
| 830 | 0 | |a Detektivka (Plus) | |
| 900 | |a ABA001 |b 21 | ||
| 928 | 9 | |a Albatros Media - Plus | |
| 044 | |a xr | ||
| 910 | |a RBIT002 | ||
| 998 | |d 179617 |a https://core.palmknihy.cz/api/books/179617/cover?si83dq |b https://core.palmknihy.cz/api/books/179617/cover/400?si83dq |c https://core.palmknihy.cz/api/books/179617/cover/50?si83dq |e 2027-07-25 |g 416 |i 9788025909737 |j https://core.palmknihy.cz/api/books/179617/preview.epub |k https://core.palmknihy.cz/api/books/179617/preview.pdf |l |q 49 |r 1 |s https://www.palmknihy.cz/kniha/179617 |t ebook |y 2018 |z 0 |v Luc Callanach |w 2 | ||
| 999 | |d 310952 | ||